[Event "Wch U20 Girls 39th"]
[Site "Mexico City"]
[Date "2023.09.22"]
[Round "2"]
[White "Mendoza Recio, Josselyne"]
[Black "Goraj, Barbara"]
[Result "0-1"]
[WhiteElo "1573"]
[BlackElo "2135"]
[PlyCount "74"]
[EventDate "2023.09.21"]
[EventType "swiss"]
[EventRounds "11"]
[EventCountry "MEX"]
[SourceTitle "EXT 2024"]
[Source "ChessBase"]
[SourceDate "2023.10.10"]
[SourceVersion "1"]
[SourceVersionDate "2023.10.10"]
[SourceQuality "1"]

1. e4 c5 2. Nc3 Nc6 3. Bb5 Nd4 4. Bc4 e6 5. Nge2 Ne7 6. Nxd4 cxd4 7. Ne2 Nc6 8. d3 Bc5 9. a3 a5 10. f4 0-0 11. 0-0 Ne7 12. Ba2 f5 13. b4 Ba7 14. Kh1 b5 15. Bb2 Nc6 16. Qe1 axb4 17. axb4 Qe7 18. c3 dxc3 19. Bxc3 Bb7 20. Bb3 Kh8 21. Ng3 Bd4 22. Bxd4 Nxd4 23. Qc3 Rxa1 24. Rxa1 Nxb3 25. Qxb3 fxe4 26. dxe4 Rxf4 27. Qc3 Rf8 28. Rc1 h6 29. Qd4 Bc6 30. Rf1 Rxf1+ 31. Nxf1 e5 32. Qc3 Bxe4 33. Ng3 Bg6 34. Kg1 Kh7 35. h4 Qxh4 36. Qxe5 Qxb4 37. Nf5 Qb1+ 0-1

[Event "POL-ch Blitz U18 Girls"]
[Site "Bydgoszcz"]
[Date "2023.08.31"]
[Round "3"]
[White "Krzyzosiak, Anna"]
[Black "Goraj, Barbara"]
[Result "0-1"]
[WhiteElo "1525"]
[BlackElo "2115"]
[PlyCount "71"]
[EventDate "2023.08.28"]
[EventType "swiss"]
[EventRounds "9"]
[EventCountry "POL"]
[SourceTitle "EXT 2024"]
[Source "ChessBase"]
[SourceDate "2023.10.10"]
[SourceVersion "1"]
[SourceVersionDate "2023.10.10"]
[SourceQuality "1"]

1. Nf3 d5 2. g3 c5 3. Bg2 Nc6 4. 0-0 Nf6 5. d3 e6 6. Nbd2 Be7 7. e4 b6 8. e5 Nd7 9. Re1 Qc7 10. Qe2 Bb7 11. Nf1 h6 12. h4 0-0-0 13. c3 Ba6 14. a3 Rdg8 15. b4 g5 16. hxg5 hxg5 17. g4 Kb8 18. c4 dxc4 19. dxc4 cxb4 20. axb4 Nxb4 21. N1d2 Bb7 22. Nb3 a6 23. Bb2 Nc5 24. Nxc5 Bxc5 25. Nd4 Rh4 26. f3 Rd8 27. Red1 Nc6 28. Kf1 Nxd4 29. Bxd4 Rxd4 30. Rxd4 Bxd4 31. Rd1 Qxe5 32. Qd3 Bc5 33. Qd8+ Ka7 34. Qd7 Qe3 35. Rd2 Rh8 36. f4 0-1

[Event "Bydgoszcz op-A"]
[Site "Bydgoszcz"]
[Date "2023.07.02"]
[Round "9"]
[White "Goraj, Barbara"]
[Black "Bazilius, Augustinas"]
[Result "1-0"]
[WhiteElo "2176"]
[BlackElo "2110"]
[PlyCount "95"]
[EventDate "2023.06.24"]
[EventType "swiss"]
[EventRounds "9"]
[EventCountry "POL"]
[SourceTitle "CBM 215 Extra"]
[Source "ChessBase"]
[SourceDate "2023.09.30"]
[SourceVersion "1"]
[SourceVersionDate "2023.09.30"]
[SourceQuality "1"]

1. e4 c5 2. Nf3 Nc6 3. d4 cxd4 4. Nxd4 Nf6 5. Nc3 d6 6. f3 e5 7. Nb3 Be7 8. Be3 0-0 9. Qd2 a5 10. Bb5 Be6 11. 0-0-0 Nb4 12. Kb1 d5 13. exd5 Nbxd5 14. Nxd5 Nxd5 15. Bc4 Nxe3 16. Qxe3 Qc8 17. Bxe6 Qxe6 18. Rhe1 Rfd8 19. Nd2 Rd5 20. c4 Rc5 21. b3 Qg6+ 22. Qe4 Qb6 23. a4 Rcc8 24. Qc2 Rd8 25. Ne4 Bb4 26. Nc3 Bxc3 27. Qxc3 Qg6+ 28. Qc2 Qxc2+ 29. Kxc2 f6 30. Kc3 Kf7 31. c5 Rdc8 32. Rd7+ Kg6 33. b4 b6 34. Kb3 bxc5 35. b5 c4+ 36. Kc3 Rc5 37. Red1 e4 38. fxe4 Rh5 39. h3 Rg5 40. R1d2 Rg3+ 41. Kxc4 Ra3 42. Kd5 Rxa4 43. Rb2 Re8 44. b6 Rb4 45. Rxb4 axb4 46. Kc4 Rxe4+ 47. Rd4 Re6 48. Kc5 1-0

[Event "Bydgoszcz op-A"]
[Site "Bydgoszcz"]
[Date "2023.07.01"]
[Round "8"]
[White "Smietanska, Wiktoria"]
[Black "Goraj, Barbara"]
[Result "1/2-1/2"]
[WhiteElo "1936"]
[BlackElo "2176"]
[PlyCount "88"]
[EventDate "2023.06.24"]
[EventType "swiss"]
[EventRounds "9"]
[EventCountry "POL"]
[SourceTitle "CBM 215 Extra"]
[Source "ChessBase"]
[SourceDate "2023.09.30"]
[SourceVersion "1"]
[SourceVersionDate "2023.09.30"]
[SourceQuality "1"]

1. d4 d5 2. c4 c6 3. Nf3 Nf6 4. Nc3 e6 5. Bg5 h6 6. Bh4 Be7 7. e3 Nbd7 8. Bd3 0-0 9. 0-0 b6 10. Qe2 Ne4 11. Bxe7 Nxc3 12. Bxd8 Nxe2+ 13. Bxe2 Rxd8 14. Rac1 Bb7 15. Rc2 dxc4 16. Bxc4 c5 17. Be2 Rac8 18. Rfc1 Kf8 19. h4 Ke7 20. Kf1 f6 21. g3 g5 22. hxg5 hxg5 23. dxc5 Rxc5 24. b4 Rxc2 25. Rxc2 Bd5 26. Nd4 Ne5 27. f4 gxf4 28. gxf4 Nf7 29. Bc4 Be4 30. Rh2 e5 31. fxe5 fxe5 32. Nb5 Ng5 33. Rb2 Rc8 34. Be2 a6 35. Na3 b5 36. Ke1 Bf5 37. Bd1 Rh8 38. Rg2 Kf6 39. Bc2 Rh1+ 40. Ke2 Be6 41. Bb3 Bh3 42. Rf2+ Ke7 43. Bd5 Bg4+ 44. Kd3 Rd1+ 1/2-1/2

[Event "Bydgoszcz op-A"]
[Site "Bydgoszcz"]
[Date "2023.06.26"]
[Round "3"]
[White "Goraj, Barbara"]
[Black "Stachecki, Mikolaj"]
[Result "1-0"]
[WhiteElo "2176"]
[BlackElo "2016"]
[PlyCount "73"]
[EventDate "2023.06.24"]
[EventType "swiss"]
[EventRounds "9"]
[EventCountry "POL"]
[SourceTitle "CBM 215 Extra"]
[Source "ChessBase"]
[SourceDate "2023.09.30"]
[SourceVersion "1"]
[SourceVersionDate "2023.09.30"]
[SourceQuality "1"]

1. d4 Nf6 2. c4 e6 3. Nc3 Bb4 4. Qc2 0-0 5. a3 Bxc3+ 6. Qxc3 d6 7. Bg5 Nbd7 8. e3 b6 9. Bd3 Bb7 10. f3 c5 11. dxc5 Nxc5 12. b4 Ncd7 13. Ne2 Rc8 14. Qd4 Ne5 15. 0-0 Nxd3 16. Qxd3 d5 17. cxd5 Qxd5 18. Qxd5 Nxd5 19. e4 Ba6 20. exd5 Bxe2 21. Rf2 Bc4 22. Be7 Rfe8 23. d6 Bb5 24. a4 Bd7 25. b5 Rb8 26. a5 Rb7 27. a6 Rbb8 28. Rc2 Rbc8 29. Rac1 Rxc2 30. Rxc2 Rc8 31. Rc7 Rxc7 32. dxc7 f6 33. Bc5 Kf7 34. Bxb6 Bc8 35. Bc5 Ke8 36. b6 axb6 37. a7 1-0

[Event "POL-ch (Women)"]
[Site "Warsaw"]
[Date "2023.04.20"]
[Round "9"]
[White "Kashlinskaya, Alina"]
[Black "Goraj, Barbara"]
[Result "1/2-1/2"]
[WhiteElo "2483"]
[BlackElo "2141"]
[PlyCount "123"]
[EventDate "2023.04.12"]
[EventType "tourn"]
[EventRounds "9"]
[EventCountry "POL"]
[EventCategory "4"]
[SourceTitle "CBM 213 Extra"]
[Source "ChessBase"]
[SourceDate "2023.05.31"]
[SourceVersion "1"]
[SourceVersionDate "2023.05.31"]
[SourceQuality "1"]

1. d4 d5 2. c4 c6 3. Nf3 Nf6 4. Nc3 e6 5. Bg5 h6 6. Bh4 Be7 7. e3 Nbd7 8. Qc2 0-0 9. a3 b6 10. Bd3 Bb7 11. 0-0 Rc8 12. Qe2 Ne4 13. Bg3 Nxg3 14. hxg3 dxc4 15. Bxc4 b5 16. Bd3 a6 17. b4 a5 18. Rab1 Ra8 19. Rb3 Qb8 20. Bb1 e5 21. Qc2 g6 22. Nh4 Qd6 23. Nf5 Qe6 24. Nxe7+ Qxe7 25. Ne2 axb4 26. axb4 Ra4 27. Qb2 Nb6 28. Rc1 Nc4 29. Qc3 e4 30. Bc2 Rfa8 31. Qe1 Nb6 32. Rbb1 Ra3 33. Nc3 f5 34. Bb3+ Kh7 35. Ne2 Qd6 36. Rc5 Nd7 37. Rc2 Bc8 38. Qc1 R3a6 39. Nf4 g5 40. Ne2 Nf6 41. d5 Nxd5 42. Bxd5 Qxd5 43. Nd4 Bd7 44. Rc5 Qa2 45. Nb3 Be6 46. Rc2 Qxb3 47. Rxb3 Bxb3 48. Rb2 Ra1 49. Rb1 Rxb1 50. Qxb1 Bd5 51. Qb2 Kg6 52. Qe5 g4 53. Kf1 Ra2 54. Ke1 Rc2 55. Qe8+ Kg5 56. Qe7+ Kg6 57. Qe5 Ra2 58. Qd6+ Kg7 59. Qf4 Kg6 60. Kd1 Bb3+ 61. Kc1 Bd5 62. Qd6+ 1/2-1/2

[Event "POL-ch (Women)"]
[Site "Warsaw"]
[Date "2023.04.19"]
[Round "8"]
[White "Goraj, Barbara"]
[Black "Rudzinska, Michalina"]
[Result "0-1"]
[WhiteElo "2141"]
[BlackElo "2244"]
[PlyCount "206"]
[EventDate "2023.04.12"]
[EventType "tourn"]
[EventRounds "9"]
[EventCountry "POL"]
[EventCategory "4"]
[SourceTitle "CBM 213 Extra"]
[Source "ChessBase"]
[SourceDate "2023.05.31"]
[SourceVersion "1"]
[SourceVersionDate "2023.05.31"]
[SourceQuality "1"]

1. e4 c5 2. Nf3 e6 3. d4 cxd4 4. Nxd4 a6 5. Bd3 Bc5 6. Nb3 Ba7 7. Qe2 Ne7 8. Be3 Nbc6 9. Bxa7 Rxa7 10. N1d2 0-0 11. 0-0-0 d5 12. Kb1 b5 13. h4 Ne5 14. Nf3 Nxd3 15. Rxd3 Qb6 16. e5 a5 17. h5 f5 18. exf6 Rxf6 19. Nbd4 Nf5 20. Nxf5 Rxf5 21. h6 g6 22. Nd4 Rf4 23. Qd2 Raf7 24. f3 R4f6 25. Re1 b4 26. Rde3 Qd6 27. Re5 Rb7 28. f4 Rb6 29. Qe3 Qf8 30. g3 Bd7 31. Nb3 Rc6 32. Nxa5 Ra6 33. Nb3 Qa8 34. Qd4 Rf7 35. Qxb4 Rxa2 36. Kc1 Ra4 37. Qb6 Rf8 38. Kd2 Rc4 39. Ra1 Qc8 40. Nd4 Rc7 41. Ra7 Rxa7 42. Qxa7 Rf7 43. Re3 Qf8 44. Qb6 Qxh6 45. Nxe6 Bxe6 46. Qxe6 Qh2+ 47. Kd3 Qh1 48. Re1 Qg2 49. Qe3 d4 50. Qxd4 Qc6 51. Qc4 Qb7 52. b3 Qa8 53. Re5 Kg7 54. Qd4 Kh6 55. Kd2 Qg2+ 56. Kc1 Qxg3 57. Re4 Rf5 58. Kb2 Kh5 59. Qd1+ Qg4 60. Qh1+ Qh4 61. Qd1+ Qg4 62. Qd7 h6 63. Qd6 Qf3 64. Rd4 Qg3 65. b4 Kh4 66. Rd3 Qh2 67. Kc3 Kh5 68. Rd4 Qg1 69. Kb2 Qg3 70. Qc7 g5 71. Rd6 Qxf4 72. Qb6 g4 73. Rd1 Qe5+ 74. Kb1 Rf6 75. Qb7 Kg6 76. Qc8 Qe4 77. Qc5 g3 78. Rd4 Qf5 79. Qc7 Qg5 80. Rd7 Kh5 81. Rg7 Rg6 82. Rd7 Rf6 83. Rg7 Rg6 84. Rd7 Qg4 85. Rd5+ Rg5 86. Qf7+ Kh4 87. Rxg5 Qxb4+ 88. Kc1 Qe1+ 89. Kb2 Qb4+ 90. Kc1 hxg5 91. Qh7+ Kg4 92. Qd7+ Kf3 93. Kd1 Qb1+ 94. Kd2 Qb4+ 95. Kd1 Kf2 96. Qa7+ Kf3 97. Qa8+ Kf2 98. Qa7+ Kg2 99. Qa8+ Kh2 100. Qh8+ Qh4 101. Qb8 Qd4+ 102. Ke2 Qf2+ 103. Kd3 Qf3+ 0-1

[Event "Titled Tuesday intern op 28th Mar Late"]
[Site "Chess.com INT"]
[Date "2023.03.28"]
[Round "1"]
[White "Goraj, Barbara"]
[Black "Wagner, Dennis"]
[Result "1/2-1/2"]
[WhiteElo "2130"]
[BlackElo "2586"]
[PlyCount "151"]
[EventDate "2023.03.28"]
[EventType "swiss (blitz)"]
[EventRounds "11"]
[EventCountry "USA"]
[SourceTitle "EXT 2024"]
[Source "ChessBase"]
[SourceDate "2023.10.10"]
[SourceVersion "1"]
[SourceVersionDate "2023.10.10"]
[SourceQuality "1"]

1. d4 Nf6 2. c4 e6 3. Nf3 d5 4. cxd5 exd5 5. Nc3 c6 6. Bg5 Be7 7. e3 Bf5 8. h3 h6 9. Bh4 Nbd7 10. Bd3 Bxd3 11. Qxd3 0-0 12. 0-0 Re8 13. Rac1 Nf8 14. Ne5 N6d7 15. Bxe7 Qxe7 16. Nxd7 Nxd7 17. Na4 g6 18. Nc5 Nxc5 19. Rxc5 Qg5 20. b4 a6 21. a4 Re6 22. b5 axb5 23. axb5 Rf6 24. Rfc1 Qh4 25. R5c2 Kg7 26. bxc6 bxc6 27. Qe2 Rc8 28. Qg4 Qxg4 29. hxg4 Re6 30. Rc5 Rd6 31. Rb1 Rc7 32. Rb6 Kf6 33. g3 Kg5 34. f3 Re6 35. Kf2 f5 36. gxf5 gxf5 37. Rc3 h5 38. Rb8 Rg6 39. Rd8 Ra7 40. Rc2 h4 41. gxh4+ Kxh4 42. Rc8 Ra6 43. Rh8+ Kg5 44. Rc8 f4 45. e4 dxe4 46. fxe4 Kg4 47. d5 cxd5 48. exd5 Ra3 49. R8c3 Ra1 50. Rd3 Rh1 51. Ke2 Rgh6 52. Kd2 Rh8 53. d6 R1h2+ 54. Kc1 Rh1+ 55. Kb2 Rb8+ 56. Rb3 Rd8 57. Rd2 Rh6 58. d7 Rh7 59. Rbd3 f3 60. Rf2 Rhxd7 61. Rdxf3 Rb7+ 62. Kc2 Rc7+ 63. Rc3 Ra7 64. Rc4+ Kg3 65. Rff4 Ra2+ 66. Kc3 Rad2 67. Rg4+ Kf3 68. Rgf4+ Ke2 69. Rfe4+ Kd1 70. Rcd4 Rc8+ 71. Kb3 Rb8+ 72. Kc3 Rc8+ 73. Kb3 Rxd4 74. Rxd4+ Kc1 75. Rc4+ Rxc4 76. Kxc4 1/2-1/2

[Event "POL-ch U18 Girls"]
[Site "Jastrzebia Gora"]
[Date "2023.??.??"]
[Round "5"]
[White "Goraj, Barbara"]
[Black "Starosta, Martyna"]
[Result "1-0"]
[WhiteElo "2130"]
[BlackElo "2138"]
[PlyCount "63"]
[EventDate "2023.03.11"]
[EventType "swiss"]
[EventRounds "9"]
[EventCountry "POL"]
[SourceTitle "CBM 213 Extra"]
[Source "ChessBase"]
[SourceDate "2023.05.31"]
[SourceVersion "1"]
[SourceVersionDate "2023.05.31"]
[SourceQuality "1"]

1. Nf3 d5 2. c4 d4 3. e3 c5 4. b4 dxe3 5. fxe3 cxb4 6. d4 e6 7. Bd3 Nc6 8. 0-0 Be7 9. Bb2 Bf6 10. Nbd2 b6 11. Ne4 Bb7 12. Qe1 Qc7 13. Nxf6+ Nxf6 14. e4 Nd7 15. e5 h6 16. d5 Nd8 17. d6 Qc6 18. Qh4 g5 19. Qh5 Qc5+ 20. Kh1 Qe3 21. Rad1 Qf4 22. Nd4 Qh4 23. Nxe6 Nxe6 24. Qxf7+ Kd8 25. Qxe6 Re8 26. Qf7 Qg4 27. Rd2 Qe6 28. Qxe6 Rxe6 29. Bf5 Re8 30. Bxd7 Kxd7 31. Rf7+ Kc6 32. Rc7# 1-0

[Event "EU-ch Blitz"]
[Site "Katowice"]
[Date "2022.12.16"]
[Round "4"]
[White "Kowalski, Igor"]
[Black "Goraj, Barbara"]
[Result "1-0"]
[WhiteElo "2344"]
[BlackElo "2130"]
[PlyCount "61"]
[EventDate "2022.12.16"]
[EventType "swiss (blitz)"]
[EventRounds "22"]
[EventCountry "POL"]
[SourceTitle "CBM 211 Extra"]
[Source "ChessBase"]
[SourceDate "2023.01.31"]
[SourceVersion "1"]
[SourceVersionDate "2023.01.31"]
[SourceQuality "1"]

1. d4 Nf6 2. Nf3 g6 3. Nc3 d5 4. Bf4 c6 5. e3 Bg7 6. Be2 0-0 7. Ne5 Nbd7 8. h4 Nxe5 9. Bxe5 h5 10. f3 b5 11. Qd2 a5 12. Nd1 Nd7 13. Bxg7 Kxg7 14. g4 hxg4 15. fxg4 Nf6 16. Nf2 b4 17. 0-0-0 Ba6 18. Bf3 Rb8 19. g5 Nh5 20. Bxh5 gxh5 21. Nh3 a4 22. Nf4 b3 23. cxb3 axb3 24. a3 Rh8 25. g6 Qd6 26. gxf7 Kxf7 27. Rdg1 Bc4 28. Rg6 Qd7 29. Rhg1 Rbg8 30. Qg2 Qf5 31. Rxg8 1-0

[Event "Warsaw Szansa op"]
[Site "Warsaw"]
[Date "2022.09.18"]
[Round "8"]
[White "Pires, Emanuel Joao Robart"]
[Black "Goraj, Barbara"]
[Result "1/2-1/2"]
[WhiteElo "1999"]
[BlackElo "2121"]
[PlyCount "132"]
[EventDate "2022.09.17"]
[EventType "swiss (rapid)"]
[EventRounds "11"]
[EventCountry "POL"]
[SourceTitle "EXT 2023"]
[Source "ChessBase"]
[SourceDate "2022.10.05"]
[SourceVersion "1"]
[SourceVersionDate "2022.10.05"]
[SourceQuality "1"]

1. c4 Nf6 2. g3 g6 3. b3 Bg7 4. Bb2 0-0 5. Bg2 d6 6. Nf3 Nbd7 7. 0-0 e5 8. d3 Re8 9. Nbd2 c5 10. a3 a5 11. Rb1 Rb8 12. Ne1 Nf8 13. Nc2 Bg4 14. h3 Bd7 15. b4 axb4 16. axb4 b6 17. Ra1 Qc8 18. Kh2 Ne6 19. Ra7 h5 20. b5 h4 21. Ne4 Nxe4 22. dxe4 Nd4 23. Bxd4 exd4 24. e3 Be6 25. Qd3 hxg3+ 26. fxg3 Be5 27. Ne1 Ra8 28. Rxa8 Qxa8 29. Nf3 Qa2 30. Rc1 Ra8 31. exd4 Ra3 32. Qc2 Qxc2 33. Rxc2 Bxd4 34. Rd2 Bc3 35. Rxd6 Ba5 36. Ne5 Kg7 37. Nc6 Bxc4 38. Nxa5 Rxa5 39. Rxb6 Rxb5 40. Rc6 Be6 41. g4 Kf6 42. Rc7 Ke5 43. h4 Bxg4 44. Rxf7 Rb8 45. Kg3 Be6 46. Rc7 Rc8 47. Re7 Kf6 48. Rxe6+ Kxe6 49. Bh3+ Ke5 50. Bxc8 c4 51. Ba6 Kxe4 52. Bxc4 Kf5 53. Bd3+ Kf6 54. Kf4 Kg7 55. Kg5 Kg8 56. Kf6 Kh8 57. Kf7 g5 58. h5 g4 59. Kg6 g3 60. Be4 g2 61. Bxg2 Kg8 62. Be4 Kh8 63. Bd3 Kg8 64. Kh6 Kh8 65. Bg6 Kg8 66. Bf7+ Kh8 1/2-1/2